Alive EWOWers - 16A - Statistics

General Stats
  • This quiz has been taken 61 times
  • The average score is 69 of 158
Answer Stats
Hint Answer % Correct
2 scorb
95%
1 TieTiePerson
95%
3 losered
93%
4 #1 sigma Rizz lord
88%
18 iRDM
88%
12 4DJumpman256
85%
8 Dark
85%
25 xXBombs_AwayXx
83%
6 J_duude
80%
20 Midnight Light
78%
34 PlasmicTrojan
76%
11 Purplegaze
73%
19 reremiau
73%
13 ThePinkBunnyEmpire
73%
72 tr_
73%
24 Brandy?
71%
21 GreenieGuest
71%
29 MayUnderFlowers
71%
39 mazuat
71%
107 Moralitea
71%
27 Xyloba
71%
142 Foxrish
68%
77 Orange Cary Superfan
68%
9 Snoozingnewt
68%
141 Yuakim
68%
70 Zettex
68%
16 Catworld
66%
55 MarioFan
66%
5 X_Ry
66%
42 Cohaki
63%
7 JujuMas
63%
50 Owner of the Phattest Dumptruck Imaginable (674kg)
63%
80 cloverpepsi
61%
47 Meowicat
61%
64 PaniniPancake
61%
32 Juhmatok
59%
23 Koopa472
59%
74 Pancake
59%
62 Pink man
59%
57 twpaz.
59%
94 Cocoa
56%
148 Meptune
56%
147 Nindragon471
56%
117 PriceTagFanatic
56%
151 +QuinDex+
56%
158 Sea Storm
56%
159 Shardren
56%
63 Swift Smartypants
56%
76 Alternavation
54%
26 Grammar Lee
54%
14 SinisterShovel
54%
15 terminatedslime
54%
56 YellowElectric
54%
53 aaronvx
51%
10 CloudySkyes
51%
68 iTeoti
51%
86 Real presidnet of usa!
51%
31 DogeBone3
49%
157 Me T. Pickle
49%
78 The Ilucuthen Empire
49%
40 Water Chestnut
49%
30 ArnoobExtra
46%
66 ConvexProjects
46%
49 Deckardv
46%
51 Gizmote
46%
65 Paintspot Infez
46%
156 s1nblitz
46%
108 ToffeeLime
46%
123 EeveeLuv
44%
36 goobrey
44%
132 Jac4
44%
81 Srimochi
44%
17 whitecyclosa
44%
109 WholeNote1
44%
134 cereseries
41%
37 IntersectingPlanes
41%
35 RainbowKnight
41%
28 recc
41%
54 sictoabu
41%
22 Sparrowcat
41%
130 Chad
39%
43 Charito
39%
121 fonda1515
39%
150 normalben
39%
137 One Night
39%
105 Verigold
39%
91 Zaffricious
39%
125 Amelia, Ameliorator of the Eighty-Three Skies
37%
155 CarbonFiber
37%
127 - Celestial19 -
37%
61 FishOnTheInternet
37%
38 Himo
37%
45 IceKeyHammer
37%
118 ThePianoGuru
37%
122 AnEpik
34%
79 Creative Casey
34%
73 Funo'
34%
120 Gman
34%
110 Ixcors
34%
152 jaydene19248
34%
59 Juliansl
34%
146 Naslemi Jones
34%
116 pokeysoda
34%
140 ashaisasmasha
32%
153 FROGLOCK
32%
48 kuminda.water.supply
32%
46 LemonVenom
32%
106 lipu Kijoke
32%
44 Onchú
32%
149 random.123
32%
98 ShadowFlames
32%
87 Algotistic
29%
100 avocadoexists
29%
85 Exhalexa
29%
144 girlbossed.
29%
83 Heronix
29%
41 hydrogencitrus
29%
135 Nihonium_LTE
29%
75 MineFlex_B
27%
58 TaxEvader357
27%
89 Yume Flamigiri
27%
99 Azurite
24%
103 Blue Gelatin
24%
88 exxpired dye
24%
113 geobica
24%
82 Mikl Pickle
24%
69 Nerdy Gal
24%
95 PengiQuin
24%
112 stephan12387
24%
92 YoshiAwesum
24%
84 Evolt
22%
104 Indigo
22%
96 italic177
22%
102 St4rry_Ski3z
22%
93 Triko
22%
33 ALITL
20%
111 BrokenSink
20%
114 Daquan Huang
20%
154 fane757
20%
145 gmo
20%
60 Mitochondrial Bob
20%
133 Flambeetle
17%
71 Graysandwich
17%
139 milster08
17%
115 PG2K
17%
101 SooperHighper
17%
126 thedogegamer90
17%
52 TrainGoBoom
17%
119 Lyrical TyrAnt
15%
67 PoliteCheese1414
15%
136 smil
15%
90 cashedcredits
12%
128 Chew804
12%
131 Cube492
12%
143 PizzaEnjoyer
12%
129 Remy
12%
138 smoov22
12%
124 Terrasol
12%
No matching quizzes found
Score Distribution
Percent of People with Each Score
Percentile by Number Answered
Your Score History
You have not taken this quiz